[Event "ECU-chT U20"]
[Site "Carpuela"]
[Date "2014.05.04"]
[Round "3.1"]
[White "Intriago Rivera, Boris David"]
[Black "Tene Pauta, Ismael Rodrigo"]
[Result "1-0"]
[WhiteElo "1731"]
[BlackElo "1709"]
[PlyCount "41"]
[EventDate "2014.05.03"]
[EventType "team-swiss"]
[EventRounds "7"]
[EventCountry "ECU"]
[SourceTitle "CBM 160 Extra"]
[Source "ChessBase"]
[SourceDate "2014.07.01"]
[SourceVersion "1"]
[SourceVersionDate "2014.07.01"]
[SourceQuality "1"]
[WhiteTeam "Sucumbios"]
[BlackTeam "Zamora Chimchipe"]
[WhiteTeamCountry "ECU"]
[BlackTeamCountry "ECU"]

1. e4 c5 2. Nf3 d6 3. d4 cxd4 4. Nxd4 Nf6 5. Nc3 g6 6. f3 Bg7 7. Be3 Nc6 8. Be2 Bd7 9. Qd2 Rc8 10. 0-0-0 Ne5 11. g4 h5 12. g5 Ng8 13. f4 Nc4 14. Bxc4 Rxc4 15. f5 Qa5 16. Qd3 Rc7 17. fxg6 fxg6 18. e5 Qxe5 19. Qxg6+ Kd8 20. Bf4 Qa5 21. Qxg7 1-0

[Event "ECU-chT U20"]
[Site "Carpuela"]
[Date "2014.05.04"]
[Round "4.1"]
[White "Tene Pauta, Ismael Rodrigo"]
[Black "Rivas Torres, Cider"]
[Result "0-1"]
[WhiteElo "1709"]
[BlackElo "1763"]
[PlyCount "62"]
[EventDate "2014.05.03"]
[EventType "team-swiss"]
[EventRounds "7"]
[EventCountry "ECU"]
[SourceTitle "CBM 160 Extra"]
[Source "ChessBase"]
[SourceDate "2014.07.01"]
[SourceVersion "1"]
[SourceVersionDate "2014.07.01"]
[SourceQuality "1"]
[WhiteTeam "Zamora Chimchipe"]
[BlackTeam "Loja"]
[WhiteTeamCountry "ECU"]
[BlackTeamCountry "ECU"]

1. e4 c5 2. Nf3 Nc6 3. d4 cxd4 4. Nxd4 g6 5. c4 Bg7 6. Be3 Nf6 7. Nc3 d6 8. Be2 Bd7 9. Qd2 0-0 10. f3 Nxd4 11. Bxd4 Bc6 12. 0-0 a5 13. a4 Nd7 14. Bxg7 Kxg7 15. Qd4+ Kg8 16. Ra3 Nc5 17. e5 Qb6 18. exd6 Rfd8 19. Qe3 Rxd6 20. Kh1 Re6 21. Qc1 Nxa4 22. Rxa4 Rxe2 23. Nxe2 Bxa4 24. Nc3 Bc6 25. Rd1 Rc8 26. Nd5 Bxd5 27. Rxd5 Qb4 28. c5 b6 29. c6 Rxc6 30. Rd8+ Kg7 31. Qe3 Re6 0-1